| 000 | 00392 a2200145 4500 | ||
|---|---|---|---|
| 005 | 20250425145654.0 | ||
| 020 | _a0 406 75043 2 | ||
| 082 | _a657 LAN | ||
| 100 | _aLANGLEY, P. F. | ||
| 245 | _aIntroduction to Accounting for Business Studies. | ||
| 250 | _a3rd Ed. | ||
| 260 |
_aLondon, _bButterWorths, _c1978. |
||
| 300 |
_axi, 411p.: ill.; figure, table. _bIndex. _c21cm. |
||
| 942 |
_2ddc _cBKS |
||
| 999 |
_c1327 _d1327 |
||